Vihorlatská Sĺňava

Zobrazenie: Pohľad na plaviacu sa loď po hladine vodnej nádrže na brehu vpravo stoja dvaja chlapci

Bibliographic Details
Other Authors: Rozman, Ladislav, 1898-1986 (Photographer)
Format: Postcard
Language:Slovak
PhysicalDescription:1 pohľadnica čiernobiela 11 x 22 cm
Published: [Bratislava] VPL 1967
Subjects:

MARC

LEADER 00000nkm a2200000 a 4500
001 vtls010689145
003 SK-MaSNL
005 20260512122749.0
007 kp bo
008 230706s1967 xo g k|slo
015 |a SNBG1967 
035 |a 80E53517-0633-4DFB-BB9E-6A787400DA7A 
035 |a urn:nbn:sk:snk-kmxxw3 
035 |a urn:nbn:sk:snk-km004xct 
040 |a SNK  |b slo  |c SNK  |e AACR2 
041 0 |a slo 
043 |a e-xo--- 
044 |a xo  |c SK 
072 7 |a 908(437)  |x Vlastiveda Česka a Slovenska  |2 konspekt 
080 |a 908(437.6)  |2 2001 
080 |a (084.121)  |2 2001 
080 |a 556.55  |2 2001 
100 1 |a Rozman, Ladislav,  |d 1898-1986  |4 pht  |9 5062 
245 1 0 |a Vihorlatská Sĺňava  |h grafika  |c foto Ladislav Rozman 
260 |a [Bratislava]  |b VPL  |c 1967 
300 |a 1 pohľadnica  |b čiernobiela  |c 11 x 22 cm 
520 8 |a Zobrazenie: Pohľad na plaviacu sa loď po hladine vodnej nádrže na brehu vpravo stoja dvaja chlapci 
650 0 7 |a vodné nádrže  |2 SNKPH  |9 4190 
651 7 |a Vihorlatská Sĺňava (Slovensko)  |2 SNKPHgeo  |9 166239 
655 7 |a geografické pohľadnice  |2 SNKPH  |9 70522 
852 |a Slovenská národná knižnica 
958 |a GBN 
958 |a OND 
958 |a GC 
999 |c 670751  |d 672681 
952 |a SNK  |b SNK  |y PREZ  |7 0  |p 17A1140924  |o snkSP 911  |0 0  |1 0  |4 0  |d 2015-06-29  |f 1  |l 0  |r 2026-02-23 19:25:14  |w 2026-02-23